History Quiz

Random History or Decade Quiz

19th Century Decades: Odd Event Out Quiz Stats

 Plays Quiz Updated Jun 16, 2017

Support Sporcle.
Go Orange.
Score 0/10 Timer 04:00
0 Plays Today
% Correct
4. George Washington was US President from 1789 to 1797.
84.6%
3. The Thirteenth Amendment was ratified in 1865.
75.3%
1. The double-helix structure of DNA was determined in 1953.
74%
1. The Second Boer War began in 1899.
56.1%
3. The first FIFA World Cup was held in 1930.
53.5%
2. Marie Curie was born in 1867.
53.1%
3. The first photograph was taken in 1826.
46%
1. Construction began on Christ the Redeemer in 1922 and concluded in 1931.
44.9%
3. Oklahoma became a US state in 1907.
44.3%
2. Great Expectations was first published in 1861.
37.6%

You're not logged in!

Compare scores with friends on all Sporcle quizzes.
OR
Log In
Forgot?

From the Vault

Disney or Hitchcock

by MovieGuru

Disney and Hitchcock have more in common than you may have thought.
Remove Ads.
Support Sporcle.
Get the best of Sporcle when you Go Orange. This ad-free experience offers more features, more stats, and more fun while also helping to support Sporcle. Thank you for becoming a member.

Show Comments

Extras

Top Quizzes Today


Score Distribution

Your Account Isn't Verified!

In order to create a playlist on Sporcle, you need to verify the email address you used during registration. Go to your Sporcle Settings to finish the process.

Report this User

Report this user for behavior that violates our Community Guidelines.

Details: